| 000 | 00633nam a2200169 a 4500 | ||
|---|---|---|---|
| 008 | 071001s1994 ||||||||||||||||| || u | ||
| 020 | _a0792329686 | ||
| 050 | _aK 3240.6 Hum | ||
| 100 | _aBeaty, David M | ||
| 245 | 1 | 0 |
_aHuman rights and judicial review: a comparative perspective _cedited by David M. Beaty |
| 260 |
_aDerdrecht _bMartinus Nijhoff _c1994 |
||
| 300 | _ax, 361p. | ||
| 350 | _a0.00 | ||
| 650 | _aReligions | ||
| 650 | _aHUMAN RIGHTS--RELIGEOUS ASPECTS | ||
| 995 |
_D0.00 _FCBU-MAIN LIBRARY (Kitwe) _H1 _I0.00 _M1 _UDAMAGED _WOct 1, 2007 _ZMain Library Open Access Collection |
||
| 999 |
_c45971 _d45971 |
||